<?xml version="1.0" encoding="UTF-8"?>
<record
    xmlns:xsi="http://www.w3.org/2001/XMLSchema-instance"
    xsi:schemaLocation="http://www.loc.gov/MARC21/slim http://www.loc.gov/standards/marcxml/schema/MARC21slim.xsd"
    xmlns="http://www.loc.gov/MARC21/slim">

  <leader>02254nam a2200361Ia 4500</leader>
  <controlfield tag="001">025576</controlfield>
  <controlfield tag="008">221003s2007    xx            000 0 spa d</controlfield>
  <datafield tag="022" ind1=" " ind2=" ">
    <subfield code="a">1131-8635</subfield>
  </datafield>
  <datafield tag="035" ind1=" " ind2=" ">
    <subfield code="a">CENDO_16924</subfield>
  </datafield>
  <datafield tag="041" ind1=" " ind2=" ">
    <subfield code="a">spa</subfield>
  </datafield>
  <datafield tag="084" ind1=" " ind2=" ">
    <subfield code="a">CD-08384</subfield>
  </datafield>
  <datafield tag="245" ind1=" " ind2="0">
    <subfield code="a">&lt;La&gt; transformaci&#xF3;n del derecho del trabajo /</subfield>
    <subfield code="c">[Fernando Vald&#xE9;s Dal-R&#xE9;...(et al.) ; Jes&#xFA;s Lahera Forteza (coordinador)]</subfield>
  </datafield>
  <datafield tag="260" ind1=" " ind2=" ">
    <subfield code="a">Madrid :</subfield>
    <subfield code="b">Universidad Complutense, Servicio de Publicaciones,</subfield>
    <subfield code="c">2007</subfield>
  </datafield>
  <datafield tag="300" ind1=" " ind2=" ">
    <subfield code="a">200 p.  ;</subfield>
    <subfield code="c"> 24 cm</subfield>
  </datafield>
  <datafield tag="500" ind1=" " ind2=" ">
    <subfield code="a">En: Cuadernos de Relaciones Laborales, vol. 25, n. 2 . -- Contiene : Las transformaciones de las fuentes de derecho del trabajo: una aproximaci&#xF3;n / Fernando Vald&#xE9;s Dal-R&#xE9;. La extensi&#xF3;n del &#xE1;mbito subjetivo del derecho del trabajo / Beatriz Guti&#xE9;rrez-Solar Calvo. La transformaci&#xF3;n de la contrataci&#xF3;n laboral, el trabajo a tiempo parcial y el despido / Jes&#xFA;s Lahera Fortez y Juan Carlos Garc&#xED;a Qui&#xF1;ones. El impacto laboral de la nueva organizaci&#xF3;n de la empresa: el ejemplo de la cesi&#xF3;n ilegal de trabajadores / Miguel Cuenca Alarc&#xF3;n. La inevitable flexibilidad de las condiciones laborales / Mar&#xED;a Jos&#xE9; Dilla Catal&#xE1; y Gemma Mar&#xED;a Sobrino Gonz&#xE1;lez. La necesaria adaptaci&#xF3;n de las estructuras de representaci&#xF3;n en la empresa / Beatriz Quintanilla Navarro. Di&#xE1;logo social y negociaci&#xF3;n colectiva a escala sectorial en la Uni&#xF3;n Europea: limitaciones y perspectivas / Holm-Detlev Andreru y Sergio Gonz&#xE1;lez Begega. El empleo subvencionado: entre las pol&#xED;ticas activas de empleo y la mutaci&#xF3;n del salario / Mart&#xED; L&#xF3;pez Andreu, Andreu Lope Pe&#xF1;a, Joan Miquel Verd Peric&#xE0;s</subfield>
  </datafield>
  <datafield tag="650" ind1=" " ind2="0">
    <subfield code="a">DIA INTERNACIONAL DE LA ELIMINACION DE LA VIOLENCIA CONTRA LA MUJER</subfield>
    <subfield code="9">10927</subfield>
  </datafield>
  <datafield tag="650" ind1=" " ind2=" ">
    <subfield code="a">DERECHO DEL TRABAJO</subfield>
    <subfield code="9">37</subfield>
  </datafield>
  <datafield tag="650" ind1=" " ind2="0">
    <subfield code="a">NEGOCIACION COLECTIVA</subfield>
    <subfield code="9">74</subfield>
  </datafield>
  <datafield tag="650" ind1=" " ind2=" ">
    <subfield code="a">EMPLEO</subfield>
    <subfield code="9">51</subfield>
  </datafield>
  <datafield tag="650" ind1=" " ind2=" ">
    <subfield code="a">SALARIO</subfield>
    <subfield code="9">71</subfield>
  </datafield>
  <datafield tag="650" ind1=" " ind2=" ">
    <subfield code="a">LEGISLACION</subfield>
    <subfield code="9">111</subfield>
  </datafield>
  <datafield tag="700" ind1=" " ind2=" ">
    <subfield code="a">VALDES DAL-RE, Fernando</subfield>
    <subfield code="9">1891</subfield>
  </datafield>
  <datafield tag="700" ind1=" " ind2=" ">
    <subfield code="a">LAHERA FORTEZA, Jes&#xFA;s,</subfield>
    <subfield code="e">coord.</subfield>
    <subfield code="9">6884</subfield>
  </datafield>
  <datafield tag="710" ind1=" " ind2=" ">
    <subfield code="a">CUADERNOS DE RELACIONES LABORALES</subfield>
    <subfield code="c">Madrid</subfield>
    <subfield code="9">2272</subfield>
  </datafield>
  <datafield tag="710" ind1=" " ind2=" ">
    <subfield code="a">UNIVERSIDAD COMPLUTENSE DE MADRID,</subfield>
    <subfield code="e">ed.</subfield>
    <subfield code="9">2296</subfield>
  </datafield>
  <datafield tag="901" ind1=" " ind2=" ">
    <subfield code="a">0</subfield>
  </datafield>
  <datafield tag="903" ind1=" " ind2=" ">
    <subfield code="a">NO</subfield>
  </datafield>
  <datafield tag="904" ind1=" " ind2=" ">
    <subfield code="a">000</subfield>
  </datafield>
  <datafield tag="953" ind1=" " ind2=" ">
    <subfield code="d">2008-04-21</subfield>
    <subfield code="y">MONOGRAFIA</subfield>
    <subfield code="o">CD-08384</subfield>
  </datafield>
  <datafield tag="999" ind1=" " ind2=" ">
    <subfield code="c">16923</subfield>
    <subfield code="d">16923</subfield>
  </datafield>
  <datafield tag="910" ind1=" " ind2=" ">
    <subfield code="a">2007</subfield>
  </datafield>
  <datafield tag="942" ind1=" " ind2=" ">
    <subfield code="c">MONOGRAFIA</subfield>
  </datafield>
  <datafield tag="952" ind1=" " ind2=" ">
    <subfield code="0">0</subfield>
    <subfield code="1">0</subfield>
    <subfield code="4">0</subfield>
    <subfield code="7">0</subfield>
    <subfield code="a">CENDO</subfield>
    <subfield code="b">CENDO</subfield>
    <subfield code="d">2008-04-21</subfield>
    <subfield code="l">0</subfield>
    <subfield code="o">CD-08384</subfield>
    <subfield code="p">CENDO_16924</subfield>
    <subfield code="r">2022-10-05 00:00:00</subfield>
    <subfield code="w">2022-10-05</subfield>
    <subfield code="y">MONOGRAFIA</subfield>
  </datafield>
</record>
